Dr. B.R.Ambedkar and India's national security / (Record no. 126400)

MARC details
000 -LEADER
fixed length control field 00738nam a22002297a 4500
005 - DATE AND TIME OF LATEST TRANSACTION
control field 20170124110009.0
010 ## - LIBRARY OF CONGRESS CONTROL NUMBER
LC control number B-163171
020 ## - INTERNATIONAL STANDARD BOOK NUMBER
Terms of availability 770.00
International Standard Book Number 978817080283
035 ## - SYSTEM CONTROL NUMBER
System control number B-163171
037 ## - SOURCE OF ACQUISITION
Source of stock number/acquisition Cen Lib/Ret
040 ## - CATALOGING SOURCE
Original cataloging agency DPL
Language of cataloging EN
082 ## - DEWEY DECIMAL CLASSIFICATION NUMBER
Classification number 355.03
Item number KHA
100 ## - MAIN ENTRY--PERSONAL NAME
Personal name Khare,Vijay S.
9 (RLIN) 14803
245 ## - TITLE STATEMENT
Title Dr. B.R.Ambedkar and India's national security /
Statement of responsibility, etc by Vijay S.Khare
260 ## - PUBLICATION, DISTRIBUTION, ETC. (IMPRINT)
Place of publication, distribution, etc New Delhi
Name of publisher, distributor, etc Kilaso books
Date of publication, distribution, etc 2005
270 ## - ADDRESS
Address 2/19,Ansari Road Darya Ganj
City New Delhi
Postal code 110002
300 ## - PHYSICAL DESCRIPTION
Extent xxiii,319p.
Dimensions 21cm(Hb)
500 ## - GENERAL NOTE
General note Includes bibliographical reference and index
650 ## - SUBJECT ADDED ENTRY--TOPICAL TERM
Topical term or geographic name as entry element National security
Geographic subdivision India
9 (RLIN) 5602
650 ## - SUBJECT ADDED ENTRY--TOPICAL TERM
Topical term or geographic name as entry element Political and social views
9 (RLIN) 7882
942 ## - ADDED ENTRY ELEMENTS (KOHA)
Source of classification or shelving scheme Dewey Decimal Classification
Koha item type English Books
Classification part 355.03
Call number suffix KHA
Holdings
Withdrawn status Lost status Damaged status Not for loan Home library Current library Date acquired Source of acquisition Cost, normal purchase price Total Checkouts Full call number Barcode Date last seen Copy number Cost, replacement price Price effective from Koha item type
        Central Library Central Library 25/06/2015 Cen Lib/Ret 770.00   355.03 KHA B-163171 25/06/2015 1 770.00 25/06/2015 English Books

© Delhi Public Library
Hit Counter
free hit counter